[Event "Khanty-Mansiysk ol (Women) 39th"]
[Site "Khanty-Mansiysk"]
[Date "2010.09.29"]
[Round "8.3"]
[White "Frank Nielsen, Marie"]
[Black "Premanath, Dinushki"]
[Result "1/2-1/2"]
[WhiteElo "2036"]
[BlackElo "1853"]
[PlyCount "45"]
[EventDate "2010.09.21"]
[EventType "team-swiss"]
[EventRounds "11"]
[EventCountry "RUS"]
[SourceTitle "CBM 139"]
[Source "ChessBase"]
[SourceDate "2010.11.18"]
[SourceVersion "1"]
[SourceVersionDate "2010.11.18"]
[SourceQuality "1"]
[WhiteTeam "Danmark "]
[BlackTeam "Sri Lanka "]
[WhiteTeamCountry "DEN"]
[BlackTeamCountry "SRI"]

1. e4 c5 2. c3 e6 3. d4 d5 4. exd5 exd5 5. Nf3 Nc6 6. Be2 Bd6 7. O-O Nge7 8.
Nbd2 O-O 9. dxc5 Bxc5 10. Nb3 Bb6 11. Nbd4 a6 12. Bg5 Qd6 13. Bh4 Nf5 14. Nxf5
Bxf5 15. Bg3 Qd7 16. Qb3 Ba7 17. Rad1 Be6 18. Ng5 Rad8 19. Nxe6 fxe6 20. Bg4
Qf7 21. Bf3 Kh8 22. Kh1 Bb8 23. Bxb8 1/2-1/2

[Event "Khanty-Mansiysk ol (Women) 39th"]
[Site "Khanty-Mansiysk"]
[Date "2010.09.29"]
[Round "8.4"]
[White "Ranasinghe, Sachini D"]
[Black "Stolberg Rohr, Thomine"]
[Result "0-1"]
[WhiteElo "1822"]
[BlackElo "1967"]
[PlyCount "92"]
[EventDate "2010.09.21"]
[EventType "team-swiss"]
[EventRounds "11"]
[EventCountry "RUS"]
[SourceTitle "CBM 139"]
[Source "ChessBase"]
[SourceDate "2010.11.18"]
[SourceVersion "1"]
[SourceVersionDate "2010.11.18"]
[SourceQuality "1"]
[WhiteTeam "Sri Lanka "]
[BlackTeam "Danmark "]
[WhiteTeamCountry "SRI"]
[BlackTeamCountry "DEN"]

1. c4 e5 2. g3 Nc6 3. Bg2 f5 4. Nc3 Nf6 5. e3 Bb4 6. Nge2 O-O 7. O-O Bxc3 8.
bxc3 d6 9. d4 Qe8 10. Rb1 Na5 11. c5 dxc5 12. Ba3 Ne4 13. f3 Nd6 14. Bxc5 b6
15. dxe5 bxc5 16. exd6 Qxe3+ 17. Rf2 Ba6 18. Bf1 Bd3 19. Nf4 Bxb1 20. d7 Bxa2
21. Qa4 Be6 22. Kg2 Bxd7 23. Qxd7 Qxc3 24. Re2 Rad8 25. Qe6+ Kh8 26. Nd5 Qd4
27. Nf4 Qd6 28. Qa2 Nc6 29. Ne6 Rde8 30. Nxf8 Rxe2+ 31. Bxe2 Qxf8 32. Qa6 Nd4
33. Bc4 Qb8 34. Qa4 h6 35. Qd7 a5 36. Bf7 Qa8 37. Bd5 Qb8 38. Bf7 Qb2+ 39. Kh3
Qb8 40. Kg2 Kh7 41. Be8 Qb2+ 42. Kh3 Qe2 43. Bh5 Qf1+ 44. Kh4 Nxf3+ 45. Bxf3
Qxf3 46. h3 a4 0-1

[Event "Khanty-Mansiysk ol (Women) 39th"]
[Site "Khanty-Mansiysk"]
[Date "2010.09.30"]
[Round "9.1"]
[White "Shabanaj, Eglantina"]
[Black "Vovk, Oksana"]
[Result "1-0"]
[WhiteElo "2070"]
[BlackElo "2157"]
[PlyCount "95"]
[EventDate "2010.09.21"]
[EventType "team-swiss"]
[EventRounds "11"]
[EventCountry "RUS"]
[SourceTitle "CBM 139"]
[Source "ChessBase"]
[SourceDate "2010.11.18"]
[SourceVersion "1"]
[SourceVersionDate "2010.11.18"]
[SourceQuality "1"]
[WhiteTeam "Albanien"]
[BlackTeam "Danmark "]
[WhiteTeamCountry "ALB"]
[BlackTeamCountry "DEN"]

1. e4 e6 2. d4 d5 3. Nc3 Nf6 4. Bg5 Be7 5. e5 Nfd7 6. Bxe7 Qxe7 7. f4 a6 8. Qg4
f5 9. Qh5+ Qf7 10. Qxf7+ Kxf7 11. Nf3 c5 12. h4 Nc6 13. O-O-O cxd4 14. Ne2 Nc5
15. Nexd4 Nxd4 16. Rxd4 Bd7 17. h5 h6 18. Rg1 Rhf8 19. g4 fxg4 20. Rxg4 Kg8 21.
Nh4 Rac8 22. Ng6 Rf7 23. Bg2 Bb5 24. Kd2 Na4 25. b3 Nc3 26. Bf3 Rfc7 27. a4 Be8
28. Rg1 Kf7 29. Nh8+ Kg8 30. Ng6 Bxg6 31. hxg6 Kf8 32. Rf1 Ke7 33. Bh1 Na2 34.
c4 dxc4 35. bxc4 Nb4 36. Rb1 Rxc4 37. Rxb4 Rc2+ 38. Ke3 Rh2 39. Rxb7+ Kf8 40.
Bf3 Rh3 41. Rf7+ Ke8 42. Rd3 Rg3 43. Rxg7 Kf8 44. Rh7 Rxg6 45. Rh8+ Rg8 46.
Rxh6 Rc4 47. Rxe6 Rxa4 48. Rb6 1-0

[Event "Khanty-Mansiysk ol (Women) 39th"]
[Site "Khanty-Mansiysk"]
[Date "2010.09.30"]
[Round "9.2"]
[White "Frank Nielsen, Marie"]
[Black "Shabanaj, Alda"]
[Result "1/2-1/2"]
[WhiteElo "2036"]
[BlackElo "1926"]
[PlyCount "131"]
[EventDate "2010.09.21"]
[EventType "team-swiss"]
[EventRounds "11"]
[EventCountry "RUS"]
[SourceTitle "CBM 139"]
[Source "ChessBase"]
[SourceDate "2010.11.18"]
[SourceVersion "1"]
[SourceVersionDate "2010.11.18"]
[SourceQuality "1"]
[WhiteTeam "Danmark "]
[BlackTeam "Albanien"]
[WhiteTeamCountry "DEN"]
[BlackTeamCountry "ALB"]

1. e4 d6 2. d4 g6 3. Nc3 Bg7 4. Be3 Nf6 5. h3 O-O 6. Nge2 e5 7. d5 c6 8. g4
cxd5 9. exd5 a6 10. a4 b6 11. Ng3 Bb7 12. g5 Ne8 13. h4 f5 14. gxf6 Nxf6 15. h5
Nbd7 16. Bh3 b5 17. Be6+ Rf7 18. hxg6 hxg6 19. Nce4 Nf8 20. Nxf6+ Qxf6 21. Ne4
Qd8 22. Bxf7+ Kxf7 23. a5 Rc8 24. c3 Rc4 25. Qd3 Kg8 26. b3 Rc8 27. Bb6 Qe7 28.
O-O-O Nd7 29. Be3 Qf8 30. Bg5 Nc5 31. Nxc5 Rxc5 32. Qxg6 Rxc3+ 33. Kb2 Rf3 34.
Qe6+ Rf7 35. Rdg1 Bc8 36. Qg6 Rxf2+ 37. Ka3 b4+ 38. Kxb4 Bf5 39. Qxg7+ Qxg7 40.
Bh6 Qxg1 41. Rxg1+ Kh7 42. Bg5 Be4 43. Re1 Bxd5 44. Rd1 Bc6 45. Rxd6 Rc2 46.
Be3 Bb5 47. Re6 e4 48. Rxe4 Kg6 49. Bc5 Kf5 50. Re7 Kf6 51. Re1 Kf5 52. Re7 Kf6
53. Rc7 Ke6 54. Rh7 Kd5 55. Rh5+ Kc6 56. Bb6 Rc1 57. Rh6+ Kd5 58. Rh8 Ke4 59.
Rd8 Rc2 60. Rd4+ Ke5 61. Rh4 Kd5 62. Rh5+ Kc6 63. Rh8 Kd5 64. Rb8 Ke4 65. Bc5
Kd5 66. Bb6 1/2-1/2

[Event "Khanty-Mansiysk ol (Women) 39th"]
[Site "Khanty-Mansiysk"]
[Date "2010.09.30"]
[Round "9.3"]
[White "Cima, Rozana"]
[Black "Treppendahl, Trine"]
[Result "1/2-1/2"]
[WhiteElo "1972"]
[BlackElo "2009"]
[PlyCount "47"]
[EventDate "2010.09.21"]
[EventType "team-swiss"]
[EventRounds "11"]
[EventCountry "RUS"]
[SourceTitle "CBM 139"]
[Source "ChessBase"]
[SourceDate "2010.11.18"]
[SourceVersion "1"]
[SourceVersionDate "2010.11.18"]
[SourceQuality "1"]
[WhiteTeam "Albanien"]
[BlackTeam "Danmark "]
[WhiteTeamCountry "ALB"]
[BlackTeamCountry "DEN"]

1. e4 c6 2. d4 d5 3. exd5 cxd5 4. c4 Nf6 5. Nc3 Nc6 6. Nf3 Bg4 7. Be3 e6 8. c5
Be7 9. Be2 O-O 10. O-O Ne4 11. h3 Bh5 12. Nd2 Bxe2 13. Qxe2 Nxd2 14. Qxd2 b6
15. cxb6 Qxb6 16. Rac1 Bf6 17. Na4 Qb5 18. b3 Rac8 19. Nc5 Rfd8 20. Rc3 Qb4 21.
Nd3 Qb7 22. Nc5 Qb4 23. Nd3 Qb7 24. Nc5 1/2-1/2

[Event "Khanty-Mansiysk ol (Women) 39th"]
[Site "Khanty-Mansiysk"]
[Date "2010.09.30"]
[Round "9.4"]
[White "Stolberg Rohr, Thomine"]
[Black "Pasku, Roela"]
[Result "0-1"]
[WhiteElo "1967"]
[BlackElo "1912"]
[PlyCount "116"]
[EventDate "2010.09.21"]
[EventType "team-swiss"]
[EventRounds "11"]
[EventCountry "RUS"]
[SourceTitle "CBM 139"]
[Source "ChessBase"]
[SourceDate "2010.11.18"]
[SourceVersion "1"]
[SourceVersionDate "2010.11.18"]
[SourceQuality "1"]
[WhiteTeam "Danmark "]
[BlackTeam "Albanien"]
[WhiteTeamCountry "DEN"]
[BlackTeamCountry "ALB"]

1. e4 d6 2. d4 g6 3. Nc3 Nf6 4. Be3 Bg7 5. h3 O-O 6. Nge2 e5 7. d5 c6 8. g4
cxd5 9. exd5 a6 10. a4 Qa5 11. Ng3 Nbd7 12. g5 Ne8 13. Rb1 Qb4 14. Qd2 Nc5 15.
b3 f5 16. gxf6 Nxf6 17. Bg2 Bf5 18. Nxf5 gxf5 19. Ne4 Qxd2+ 20. Nxd2 Rac8 21.
c4 Nd3+ 22. Ke2 Nb4 23. f3 Nh5 24. Nf1 Nc2 25. Bb6 Bh6 26. Rb2 Nf4+ 27. Kd1 Nb4
28. Rg1 Kh8 29. Ng3 Rf7 30. Be3 Rg8 31. Bf1 Rfg7 32. Ne2 Nxe2 33. Rxg7 Nc3+ 34.
Kd2 Bxe3+ 35. Kxc3 Rxg7 36. Kxb4 Bc5+ 37. Ka5 Rg3 38. Bg2 e4 39. fxe4 f4 40. b4
Bd4 41. Rc2 f3 42. Bf1 Rg6 43. c5 dxc5 44. bxc5 Bxc5 45. Rxc5 b6+ 46. Kxa6
bxc5+ 47. Kb5 Rg1 48. Bc4 Rc1 49. Bd3 Kg7 50. a5 c4 51. Bxc4 Rxc4 52. Kxc4 f2
53. Kc5 f1=Q 54. Kb6 Qb1+ 55. Kc7 Qxe4 56. d6 Qc4+ 57. Kd8 Kf7 58. d7 Qa6 0-1

[Event "Khanty-Mansiysk ol (Women) 39th"]
[Site "Khanty-Mansiysk"]
[Date "2010.10.01"]
[Round "10.1"]
[White "Mir Mahmoud, Afamia"]
[Black "Vovk, Oksana"]
[Result "0-1"]
[WhiteElo "2014"]
[BlackElo "2157"]
[PlyCount "132"]
[EventDate "2010.09.21"]
[EventType "team-swiss"]
[EventRounds "11"]
[EventCountry "RUS"]
[SourceTitle "CBM 139"]
[Source "ChessBase"]
[SourceDate "2010.11.18"]
[SourceVersion "1"]
[SourceVersionDate "2010.11.18"]
[SourceQuality "1"]
[WhiteTeam "Syrien"]
[BlackTeam "Danmark "]
[WhiteTeamCountry "SYR"]
[BlackTeamCountry "DEN"]

1. d4 e6 2. Nf3 Nf6 3. g3 b6 4. Bg2 Bb7 5. O-O c5 6. c4 d6 7. Nc3 Nbd7 8. Re1
a6 9. e4 cxd4 10. Qxd4 Be7 11. b3 O-O 12. Bb2 Qc7 13. Rad1 Rfd8 14. Qd2 Ne5 15.
Nd4 Nc6 16. h3 Nxd4 17. Qxd4 Bc6 18. Qe3 b5 19. Nd5 exd5 20. exd5 Bd7 21. Qxe7
Re8 22. Bxf6 Rxe7 23. Bxe7 bxc4 24. bxc4 Re8 25. Bg5 Qxc4 26. Rxe8+ Bxe8 27.
Rd2 Bb5 28. Kh2 h6 29. Bf4 Qb4 30. Bf3 a5 31. Be2 g5 32. Be3 Bxe2 33. Rxe2 Qc4
34. Rd2 Kg7 35. g4 Kg6 36. Kg3 f5 37. gxf5+ Kxf5 38. Kg2 Qe4+ 39. Kh2 h5 40.
Rd4 Qc2 41. a4 Ke5 42. Kg3 Qc3 43. Rd2 Qb4 44. Bxg5 Qxa4 45. Bh6 Kf5 46. f4
Qb3+ 47. Kh4 a4 48. Rg2 a3 49. Rg5+ Kf6 50. Bg7+ Kf7 51. Bh8 Qf3 52. Rf5+ Kg8
53. Bf6 a2 54. Kg5 Qg3+ 55. Kh6 h4 56. Kh5 Qxh3 57. Rg5+ Kf8 58. Rg4 Qh1 59.
Rxh4 Qxd5+ 60. Kg6 Qf7+ 61. Kg5 Qxf6+ 62. Kxf6 a1=Q+ 63. Kf5 Qa5+ 64. Kg6 Qc3
65. Rh7 Qg3+ 66. Kh5 Qh3+ 0-1

[Event "Khanty-Mansiysk ol (Women) 39th"]
[Site "Khanty-Mansiysk"]
[Date "2010.10.01"]
[Round "10.2"]
[White "Jorgensen, Carina Eilegaard"]
[Black "Algildah, Nibal"]
[Result "1-0"]
[WhiteElo "2025"]
[BlackElo "1932"]
[PlyCount "133"]
[EventDate "2010.09.21"]
[EventType "team-swiss"]
[EventRounds "11"]
[EventCountry "RUS"]
[SourceTitle "CBM 139"]
[Source "ChessBase"]
[SourceDate "2010.11.18"]
[SourceVersion "1"]
[SourceVersionDate "2010.11.18"]
[SourceQuality "1"]
[WhiteTeam "Danmark "]
[BlackTeam "Syrien"]
[WhiteTeamCountry "DEN"]
[BlackTeamCountry "SYR"]

1. d4 d6 2. c4 g6 3. g3 Bg7 4. Bg2 c6 5. Nc3 Na6 6. e3 h5 7. Nf3 Nh6 8. O-O Bg4
9. a3 Qc8 10. Qc2 Bf6 11. b4 Nc7 12. Bb2 h4 13. Ne4 hxg3 14. Nxf6+ exf6 15.
fxg3 Qe6 16. e4 O-O 17. d5 Qe7 18. Nh4 Ne8 19. Rae1 g5 20. Nf5 Bxf5 21. exf5
Qd7 22. dxc6 bxc6 23. Qe4 d5 24. cxd5 cxd5 25. Qxd5 Qxd5 26. Bxd5 Rd8 27. Bc6
Kg7 28. Re7 Nd6 29. Rxa7 Nc4 30. Ba1 Ng4 31. b5 Rd2 32. Rb1 Rfd8 33. Bc3 Rd1+
34. Rxd1 Rxd1+ 35. Kg2 Nge3+ 36. Kf2 Nxf5 37. a4 Rc1 38. Ba5 Rc2+ 39. Ke1 Rc1+
40. Kf2 Rc2+ 41. Kf1 Rxh2 42. b6 Rb2 43. b7 Nxg3+ 44. Kg1 Ne2+ 45. Kh1 Ng3+ 46.
Kg1 Ne2+ 47. Kf1 Ng3+ 48. Ke1 Nd6 49. Bb5 Rb1+ 50. Kd2 Nxb7 51. Rxb7 g4 52. Bb6
Ne4+ 53. Kc2 Ra1 54. Bd4 Ra2+ 55. Kd3 Nd6 56. Rb6 Ra3+ 57. Ke2 Ra2+ 58. Kf1 Ne4
59. Bc6 Ng3+ 60. Ke1 Nf5 61. Bxf6+ Kg6 62. Bb5 g3 63. Bb2+ Kh5 64. Bc6 Nh4 65.
Kf1 f5 66. Rb4 f4 67. Bd5 1-0

[Event "Khanty-Mansiysk ol (Women) 39th"]
[Site "Khanty-Mansiysk"]
[Date "2010.10.01"]
[Round "10.3"]
[White "Al Jelda, Fatma"]
[Black "Treppendahl, Trine"]
[Result "0-1"]
[WhiteElo "1822"]
[BlackElo "2009"]
[PlyCount "102"]
[EventDate "2010.09.21"]
[EventType "team-swiss"]
[EventRounds "11"]
[EventCountry "RUS"]
[SourceTitle "CBM 139"]
[Source "ChessBase"]
[SourceDate "2010.11.18"]
[SourceVersion "1"]
[SourceVersionDate "2010.11.18"]
[SourceQuality "1"]
[WhiteTeam "Syrien"]
[BlackTeam "Danmark "]
[WhiteTeamCountry "SYR"]
[BlackTeamCountry "DEN"]

1. e4 c6 2. d4 d5 3. exd5 cxd5 4. Nf3 Nc6 5. c3 Nf6 6. Bd3 Bg4 7. O-O e6 8. Re1
Be7 9. Nbd2 Bh5 10. Nb3 Qc7 11. Bg5 Bd6 12. h3 Bg6 13. Nh4 Bxd3 14. Qxd3 Ne4
15. Nf3 h6 16. Be3 g5 17. Nfd2 f5 18. Nf1 g4 19. hxg4 fxg4 20. Nbd2 Nxd2 21.
Qg6+ Qf7 22. Qxf7+ Kxf7 23. Bxd2 Rag8 24. Re2 h5 25. g3 Rg6 26. Rae1 h4 27.
gxh4 Rxh4 28. Ng3 Ne7 29. Kg2 Nf5 30. Rg1 Rg7 31. Kf1 Rh3 32. Be1 Bf4 33. Nxf5
exf5 34. Bd2 Bd6 35. Ke1 Rh2 36. Kd1 f4 37. Rf1 Rg8 38. Ree1 Rgh8 39. Rg1 R8h4
40. Ref1 Kf6 41. a4 Kf5 42. b3 R4h3 43. f3 g3 44. c4 Rh7 45. c5 Be7 46. Re1 Bf6
47. Bc3 Ra2 48. Re2 Rxe2 49. Kxe2 Rh2+ 50. Ke1 Rc2 51. Bd2 Bxd4 0-1

[Event "Khanty-Mansiysk ol (Women) 39th"]
[Site "Khanty-Mansiysk"]
[Date "2010.10.03"]
[Round "11.1"]
[White "Vovk, Oksana"]
[Black "Guerrero Rodriguez, Alejandra"]
[Result "1-0"]
[WhiteElo "2157"]
[BlackElo "2128"]
[PlyCount "59"]
[EventDate "2010.09.21"]
[EventType "team-swiss"]
[EventRounds "11"]
[EventCountry "RUS"]
[SourceTitle "CBM 139"]
[Source "ChessBase"]
[SourceDate "2010.11.18"]
[SourceVersion "1"]
[SourceVersionDate "2010.11.18"]
[SourceQuality "1"]
[WhiteTeam "Danmark "]
[BlackTeam "Mexico "]
[WhiteTeamCountry "DEN"]
[BlackTeamCountry "MEX"]

1. Nf3 c5 2. c4 Nc6 3. g3 e6 4. Bg2 Nf6 5. Nc3 Be7 6. O-O d5 7. cxd5 exd5 8. d4
h6 9. b3 O-O 10. Bb2 b6 11. e3 Bg4 12. dxc5 bxc5 13. h3 Be6 14. Rc1 Rc8 15. Na4
Ne4 16. Nd2 Nxd2 17. Qxd2 c4 18. Rfd1 Nb4 19. bxc4 Rxc4 20. Nc3 Qc8 21. a3 d4
22. exd4 Na6 23. Kh2 Bg5 24. f4 Bf6 25. Ne4 Be7 26. Bf1 Rxc1 27. Rxc1 Qb7 28.
Bg2 Qb5 29. d5 Rd8 30. Qc3 1-0

[Event "Khanty-Mansiysk ol (Women) 39th"]
[Site "Khanty-Mansiysk"]
[Date "2010.10.03"]
[Round "11.3"]
[White "Frank Nielsen, Marie"]
[Black "Duran Juarez, Citlali"]
[Result "1-0"]
[WhiteElo "2036"]
[BlackElo "1957"]
[PlyCount "93"]
[EventDate "2010.09.21"]
[EventType "team-swiss"]
[EventRounds "11"]
[EventCountry "RUS"]
[SourceTitle "CBM 139"]
[Source "ChessBase"]
[SourceDate "2010.11.18"]
[SourceVersion "1"]
[SourceVersionDate "2010.11.18"]
[SourceQuality "1"]
[WhiteTeam "Danmark "]
[BlackTeam "Mexico "]
[WhiteTeamCountry "DEN"]
[BlackTeamCountry "MEX"]

1. e4 e6 2. d4 d5 3. Nc3 Nf6 4. e5 Nfd7 5. f4 c5 6. Nf3 Nc6 7. Be3 cxd4 8. Nxd4
Bc5 9. Qd2 O-O 10. O-O-O a6 11. h4 Nxd4 12. Bxd4 b5 13. Bxc5 Nxc5 14. Qd4 Qb6
15. a3 Bb7 16. g4 Nd7 17. Ne2 a5 18. Rh3 Rfc8 19. Qxb6 Nxb6 20. Nd4 b4 21. f5
Nc4 22. Bxc4 Rxc4 23. b3 Rcc8 24. a4 Bc6 25. Rf3 Bd7 26. f6 Rc5 27. g5 Rac8 28.
h5 Rc3 29. Rxc3 Rxc3 30. Rd3 Rc5 31. Kd2 Bc8 32. c3 Ba6 33. Re3 Bf1 34. cxb4
axb4 35. Re1 Ba6 36. Rc1 Rxc1 37. Kxc1 gxf6 38. gxf6 Kf8 39. h6 Ke8 40. Nc6 Bb7
41. Nxb4 Kd7 42. Kd2 Kc7 43. a5 Ba8 44. Kc3 Bb7 45. Kd4 Ba8 46. Kc5 Bb7 47. Nc2
1-0

[Event "Khanty-Mansiysk ol (Women) 39th"]
[Site "Khanty-Mansiysk"]
[Date "2010.10.03"]
[Round "11.4"]
[White "De La Parra Hurtado, Daniela"]
[Black "Stolberg Rohr, Thomine"]
[Result "0-1"]
[WhiteElo "1887"]
[BlackElo "1967"]
[PlyCount "92"]
[EventDate "2010.09.21"]
[EventType "team-swiss"]
[EventRounds "11"]
[EventCountry "RUS"]
[SourceTitle "CBM 139"]
[Source "ChessBase"]
[SourceDate "2010.11.18"]
[SourceVersion "1"]
[SourceVersionDate "2010.11.18"]
[SourceQuality "1"]
[WhiteTeam "Mexico "]
[BlackTeam "Danmark "]
[WhiteTeamCountry "MEX"]
[BlackTeamCountry "DEN"]

1. d4 g6 2. c4 Bg7 3. e4 d6 4. Nc3 e5 5. d5 f5 6. Bd3 Nf6 7. f4 fxe4 8. Nxe4
Nxe4 9. Bxe4 exf4 10. Nf3 O-O 11. Qc2 Qf6 12. h4 Na6 13. h5 Bf5 14. Bxf5 Qxf5
15. Qxf5 Rxf5 16. hxg6 hxg6 17. Kd2 Re8 18. Rb1 Nc5 19. Rh4 g5 20. Rh5 Kf7 21.
Kd1 Kg6 22. Rh1 Nd3 23. Rf1 Rf7 24. Kc2 Nxc1 25. Kxc1 Rfe7 26. Kd1 g4 27. Ne1
Kg5 28. Nd3 Rf8 29. Kd2 Bd4 30. Rbe1 Be3+ 31. Kc2 Rff7 32. b3 f3 33. g3 Kg6 34.
a3 Bg5 35. b4 Rxe1 36. Nxe1 Re7 37. Nd3 Re2+ 38. Kb3 Rg2 39. Nf2 Rxg3 40. c5
Rg2 41. cxd6 cxd6 42. Ne4 Bf4 43. a4 Kf5 44. Nc3 Be5 45. Nd1 Kf4 46. Nf2 Ke3
0-1